| 000 | 00666nam a2200241 a 4500 | ||
|---|---|---|---|
| 003 | AR-BaBNM | ||
| 005 | 20251128210423.0 | ||
| 008 | 082120s2002 ||||||||||||||000 | spa|| | ||
| 040 | _cAR-BaBNM | ||
| 100 | 1 | _aOmil, Alba | |
| 245 | 0 | 0 | _aCuatro versiones del Martín Fierro |
| 250 | _a1ª ed. | ||
| 260 |
_aSan Miguel de Tucumán _bSecretaría de Posgrado de la Universidad Nacional de Tucumán _c1993 |
||
| 300 |
_a156 p. _bgráfs. |
||
| 650 | 4 | _aLITERATURA ARGENTINA | |
| 650 | 4 | _aCRITICA LITERARIA | |
| 650 | 4 | _aHISTORIA LITERARIA | |
| 650 | 4 | _aESCRITORES | |
| 653 | _aLITERATURA GAUCHESCA | ||
| 655 | _aLITERATURA | ||
| 942 | _cBK | ||
| 998 | _cMARTIN | ||
| 999 |
_c15403 _d15403 |
||